| 000 | 00533cam a2200169 a 4500 | ||
|---|---|---|---|
| 020 | _a0813335116 (alk. paper) | ||
| 040 | _cDLC | ||
| 082 | 0 | 0 | _a959 WES 2000 A114 Co. |
| 100 | 1 | _aChandler, David P. | |
| 245 | 1 | 2 | _aA history of Cambodia / |
| 250 | _a3rd ed. | ||
| 260 |
_aBoulder, CO : _bWestview Press, _c2000. |
||
| 300 |
_axiv, 296 p. : _bill., maps ; _c23 cm. |
||
| 856 | 4 | 2 | _uhttp://www.loc.gov/catdir/enhancements/fy0833/99058181-b.html |
| 856 | 4 | 2 | _uhttp://www.loc.gov/catdir/enhancements/fy0833/99058181-d.html |
| 942 | _cEK | ||
| 999 |
_c16737 _d16737 |
||